000 00785 a2200241 4500
005 20260423104743.0
008 260423b |||||||| |||| 00| 0 eng d
020 _a978-1-3504-6888-7 (pbk)
037 _cTB
040 _aCRL
_cCRL
041 _2eng
_aeng
084 _aR853xN30 R5
_qCRL
100 _aGenosko, Gary
_91115791
245 _aFelix guattari and the ancients: theatrical dialogues in early philosophy
260 _aLondon, UK:
_bBloomsbury Academic,
_c2025.
300 _a173p
365 _b19.99
_cGBP
650 _aPhilosophy
650 _aFelix Guattari
_91235431
700 _aSengovia, Carlos A.
_eAuthor
_91235432
942 _cTB
_2CC
_hR853xN30 R5
999 _c1679656
_d1679656